LEADER 01104nam0-22003491i-450- 001 990008093390403321 005 20050512123145.0 010 $a88-387-9176-7 035 $a000809339 035 $aFED01000809339 035 $a(Aleph)000809339FED01 035 $a000809339 100 $a20050420d1989----km-y0itay50------ba 101 0 $aita 102 $aIT 105 $ay-------001yy 200 1 $aCertificazioni ed autenticazioni$el'imposta di bollo ed i diritti$econ risoluzioni, circolari ministeriali e prontuario ad uso degli operatori$fG. Giannotte, O. Francesconi 205 $a3. ed aggiornata ed ampliata 210 $aRimini$cMaggioli$d?! 215 $a330 p.$d24 cm 225 1 $aProgetto ente locale$v14 676 $a343.45057$v20$zita 676 $a343.45057$v21$zita 700 1$aGiannotte,$bGesualdo$4070$0497433 701 1$aFrancesconi,$bOrnella$4070$0497434 801 0$aIT$bUNINA$gRICA$2UNIMARC 901 $aBK 912 $a990008093390403321 952 $aVI B 630$b2237$fDDA 959 $aDDA 996 $aCertificazioni ed autenticazioni$9753311 997 $aUNINA LEADER 02824nam 2200613 a 450 001 9910965699503321 005 20251116141801.0 010 $a1-134-97779-4 010 $a1-134-97780-8 010 $a1-280-55582-3 010 $a9786610555826 010 $a0-203-02662-4 010 $a0-415-24575-3 024 7 $a10.4324/9780203026625 035 $a(CKB)111004366673276 035 $a(EBL)178156 035 $a(OCoLC)826494939 035 $a(SSID)ssj0000108161 035 $a(PQKBManifestationID)11141630 035 $a(PQKBTitleCode)TC0000108161 035 $a(PQKBWorkID)10017903 035 $a(PQKB)10319117 035 $a(MiAaPQ)EBC178156 035 $a(Au-PeEL)EBL178156 035 $a(CaPaEBR)ebr10017165 035 $a(CaONFJC)MIL55582 035 $a(OCoLC)45732626 035 $a(EXLCZ)99111004366673276 100 $a19911114d1992 uy 0 101 0 $aeng 135 $aur|n|---||||| 181 $ctxt 182 $cc 183 $acr 200 10$aAvicenna /$fLenn E. Goodman 205 $a1st ed. 210 $aLondon ;$aNew York $cRoutledge$d1992 215 $a1 online resource (254 p.) 225 1 $aArabic thought and culture 300 $aDescription based upon print version of record. 311 08$a0-415-01929-X 320 $aIncludes bibliographical references and index. 327 $aCover; AVICENNA; Title Page; Copyright Page; Table of Contents; Preface; List of abbreviations; 1 LIFE, TIMES, WRITINGS; 1 Setting the Scene; 2 Ibn Si?na?'s Youth and Education; 3 Wanderjahre; 4 The Years at Isfaha?n; 2 METAPHYSICS; 1 Contingency and Necessity; 2 Ibn Si?na?'s Synthesis; 3 Criticism and Response; 3 IDEAS AND IMMORTALITY; 1 The Possibility of Knowledge; 2 The Substance of the Soul; 3 The Substrate of Immortality; 4 LOGIC, PERSUASION, AND POETRY; 1 Avicenna's Propositional Logic; 2 Avicenna on the Art of Persuasion; 3 Avicenna's Poetics; Index 330 $athe philosophers in the West, none, perhaps, is better known by name and less familiar in actual content of his ideas than the medieval Muslim philosopher, physician, minister and naturalist Abu Ali Ibn Sina, known since the days of the scholastics as Avicenna. In this book the author, himself a philosopher, and long known for his studies of Arabic thought, presents a factual account of Avicenna's philosophy. Setting the thinker in the context of his often turbulent times and tracing the roots and influences of Avicenna's ideas, this book offers a factual philosophical portrait. It details 410 0$aArabic thought and culture. 676 $a181/.5 700 $aGoodman$b Lenn Evan$f1944-$0526123 801 0$bMiAaPQ 801 1$bMiAaPQ 801 2$bMiAaPQ 906 $aBOOK 912 $a9910965699503321 996 $aAvicenna$94485484 997 $aUNINA